000 01206cam a2200337 i 4500
001 63598
003 Mx-PuUPA
005 20260223122912.0
008 140415s1997 mx gr 000 0 spa d
020 _a9682320488
040 _aMx-PuUPA
_bspa
_cMx-PuUPA
_dMx-PuUPA
_erda
041 0 _aspa
043 _an-mx---
100 1 _aValdés Ugalde, Francisco,
_eautor
_94005
245 1 0 _aAutonomía y legitimidad :
_blos empresarios, la política y el Estado en México /
_cpor Francisco Valdés Ugalde
250 _aPrimera edición
264 1 _aMéxico, D.F. :
_bSiglo XXI Editores,
_c1997
300 _a322 páginas ;
_c21 cm
336 _atexto
_2rdacontent
_btxt
337 _asin medio
_2rdamedia
_bn
338 _avolumen
_2rdacarrier
_bnc
490 0 _aSociología y política
650 7 _2armarc
_aEmprendedores mexicanos
_xHistoria
_ySiglo XX
650 7 _2armarc
_aEmpresas y negocios
_zMéxico
650 7 _2armarc
_aGente de negocios
_zMéxico
_ySiglo XIX
650 7 _2armarc
_aGente de negocios
_zMéxico
_ySiglo XX
650 7 _2armarc
_aPolítica industrial
_zMéxico
_xHistoria
_ySiglo XX
942 _2ddc
_cLI
_h322.3
_iV35
999 _c63598
_d63598